000 00510nam a2200181Ia 4500
003 OSt
005 20240416115541.0
008 210210b1963 xxu||||| |||| 00| 0 eng d
040 _cAL
041 _akan
082 _a859/1771
100 _aVENKATACHARYA (B)
_9156470
_dವೆಂಕಟಾಚಾರ್ಯ (ಬಿ)
245 _aAdaviya hudugi:
_bಅಡವಿಯ ಹುಡುಗಿ
260 _aBengaluru
_bSahitya Mandira
_c1963
690 _aKannada Fiction
_9156471
906 _a022492
942 _2ddc
_cBK
999 _c146895
_d146895